000 00866nam a22002297a 4500
999 _c15134
_d15134
003 OSt
082 _2631.75807 ABH/IM
088 _aP 211
100 _aABHISHEK S
_93627
245 _aImproved design and installation of an economic rooftop rainwater harvesting system
260 _aTavanur 2010
_bDepartment of Land and Water Resources and Conservation Engineering
300 _a67
500 _aImproved design and installation of an economic rooftop rainwater harvesting system
520 _aImproved design and installation of an economic rooftop rainwater harvesting system
700 _aAjesh Kumar V
_93628
700 _aDeepak P. H
_93629
700 _aHarisankar C
_93630
700 _aVishnu M. M
_93631
700 _aEr. Renukakumari J (Guide)
_93384
856 _uhttps://drive.google.com/open?id=1lI4_eNTo48aUrLK87gUov38i6FOo9UZ0
942 _cPR